Cabins / Hütten / Cabanes /

Enregistré dans:
Détails bibliographiques
Auteur principal: Jodidio, Philip (Auteur)
Autres auteurs: Cruschi, Marie-Laure (Illustrateur)
Format: Livre
Langue:anglais
français
allemand
Publié: Cologne TASCHEN 2014
Sujets:
Tags: Ajouter un tag
Pas de tags, Soyez le premier à ajouter un tag!

MARC

LEADER 00000nam a22000003a 4500
001 0007913
003 SK-STU
005 20151012142159.1
007 ta
008 151012s ----xo-----e------000-0-----d
020 |a 978-3-8365-5026-0 
040 |a STU  |b slo 
041 0 |a eng  |a fre  |a ger 
100 1 |a Jodidio, Philip  |4 aut 
245 1 0 |a Cabins /  |b Hütten / Cabanes /  |c aut. Philip Jodidio ; ilustr. Marie-Laure Cruschi 
260 |a Cologne  |b TASCHEN  |c 2014 
300 |a 464 s. 
650 0 7 |a architektúra súčasná 
650 0 7 |a trendy v architektúre 
650 0 7 |a horská chata 
650 0 7 |a bundalov 
700 1 |a Cruschi, Marie-Laure  |r Z6  |4 ill 
996 |b 284AU06514  |c A* 9430/U  |l AAKNST  |s P  |a 0  |w 0007913_0001